000 00496nam a2200169Ia 4500
008 131103s9999 xx 000 0 und d
040 _aLoreto College
041 _aEnglish
082 _aREF
_bLCBED/7487
100 _aHornby, A.S.
245 4 _aThe advanced learners dictionary of current english
_cA,S.Hornby , E.V.Gatenby & H.Wakefield
260 _aLondon
_bOxford University Press
_c1965
300 _a1200p
_b ill.
_c 19cm.
504 _aIncludes appendix
650 _aREF
942 _cBK
999 _c34634
_d85113